000
00273nam a22001217a 4500
003
SGT
082
_b
ATW
100
_a
ATWAL, A.S.
245
_a
AGRICULTURAL PETS OF SOUTH AND THEIR MANAGEMENT
260
_b
KALYANI PUBLICATION
_c
2015
300
_a
678
942
_2
ddc
_c
BK
_0
30
999
_c
15411
_d
15411